00349cam a22001217a 4500008004000000082001300040100001600053245007200069260003000141300001000171500001300181650003300194180718b1991 xxu||||| |||| 00| 0 eng d aA99 L974 aLuria, S.E. aA slot machine, a broken test tube: an autobiographycby S.E. Luria aBombaybFocus Booksc1991 a228p. aRs.60.00 aLuria, Salvador Edward, 1912